Music Quiz

Random Music or Artist Quiz

Figure Out The Lyrics: Choruses Quiz Stats

 Plays Quiz Updated Oct 8, 2018

Score 0/281 Timer 20:00
1 Play Today
% Correct
I
98.2%
I
98.2%
I
98.2%
I,
98.2%
I
98.2%
I
98.2%
I
98.2%
I
98.2%
I
98.2%
I
98.2%
I
98.2%
I
98.2%
I
98.2%
I
98.2%
a
98%
a
98%
a
98%
A
98%
a
98%
a
98%
a
98%
a
98%
you
95.6%
you,
95.6%
you
95.6%
you,
95.6%
you
95.6%
you?
95.6%
you
95.6%
you
95.6%
you,
95.6%
you,
95.6%
you
95.6%
you
95.6%
He
93%
He
93%
to
90.6%
to
90.6%
to
90.6%
to
90.6%
to
90.6%
me
89.9%
me
89.9%
me
89.9%
me
89.9%
me
89.9%
me
89.9%
in
89.8%
in
89.8%
in
89.8%
in
89.8%
in
89.8%
the
88.4%
the
88.4%
the
88.4%
her
87.3%
her
87.3%
her
87.3%
be
87.2%
be
87.2%
be
87.2%
be
87.2%
be
87.2%
be
87.2%
be
87.2%
be
87.2%
be
87.2%
she
87.1%
she
87.1%
she
87.1%
She
87.1%
She
87.1%
for
87%
for
87%
for
87%
for
87%
for
87%
for
87%
for
87%
love
86.1%
love
86.1%
We
85.7%
We
85.7%
we
85.7%
was
85.5%
was
85.5%
was
85.5%
was
85.5%
go
85.2%
go
85.2%
do
84.8%
do
84.8%
And
84.6%
and
84.6%
% Correct
And
84.6%
And
84.6%
can
84.4%
can
84.4%
can
84.4%
can
84.4%
can
84.4%
can
84.4%
it
81%
it
81%
it
81%
it
81%
so
80.7%
boi,
80.2%
boy
80.2%
said
77.9%
said
77.9%
just
77.7%
just
77.7%
just
77.7%
just
77.7%
All
76.4%
All
76.4%
All
76.4%
all
76.4%
all
76.4%
see
76.3%
sk8er
74.8%
Yeah
74.5%
is
74.3%
is
74.3%
is
74.3%
My
72.9%
my,
72.9%
My
72.9%
my,
72.9%
my
72.9%
say
72.7%
say
72.7%
Say
72.7%
say
72.7%
Say
72.7%
Say
72.7%
say
72.7%
Say
72.7%
your
72.2%
your
72.2%
that
71.4%
that
71.4%
up
70.9%
like
70.8%
had
69.5%
had
69.5%
later,
68.7%
yes
67.6%
girl
67.4%
girl
67.4%
will
67%
will
67%
will
67%
did
66.4%
ever
66.1%
am
65.9%
am
65.9%
ball
65.8%
wreck
65.6%
wreck
65.6%
wrecking
65.1%
came
65%
one
64.9%
one
64.9%
know,
63.3%
down
62.5%
good
62.2%
never
61.5%
are
61.3%
what
61.2%
man
60.7%
man
60.7%
how
60.7%
how
60.7%
not
60.5%
Not
60.5%
Why
60.2%
Now
60%
now
60%
don't
59.5%
here
59.3%
day
58.7%
day
58.7%
wasn't
58.5%
I'm
58.3%
I'm
58.3%
I'll
56.4%
% Correct
I'll
56.4%
I'll
56.4%
enough
56.4%
need
56%
wanted
56%
That's
55.8%
that's
55.8%
been
55.7%
again
55.6%
again?
55.6%
world
54.6%
but
54.6%
She's
53.8%
she's
53.8%
Uptown
53.4%
us,
52.9%
woman
52.7%
living
52.6%
long
52.6%
long
52.6%
It's
51.8%
mia,
50.1%
mia,
50.1%
Mamma
49.9%
Mamma
49.9%
heroes,
49.4%
baby
49.2%
together,
48.2%
come
47.8%
wouldn't
47.8%
with
47.4%
should
47.2%
back
46.2%
hard
45.8%
much
45.6%
yesterday
45.1%
As
44.2%
as
44.2%
take
43.7%
downtown
43.7%
way
43.6%
story
43.5%
does
43.1%
queen
42.3%
break
42.2%
resist
42.1%
looking
42.1%
always,
42%
yet
41.9%
something
41.8%
earth
41.6%
head
40.9%
there's/that's
40.7%
king
40.6%
I've
40.6%
You'll
40.4%
wrong
40.2%
white
40.2%
show
39.2%
space
38.7%
alone
37.7%
missed
37.1%
time
37.1%
hit
36.8%
prince
36.8%
lady
36.8%
princess
36.8%
face,
36.8%
pretty
36.4%
Romeo,
36.3%
needed
36.1%
'Cause
35.6%
somewhere
33.8%
bread
32.8%
waiting,
32.7%
walls
32.5%
mine
32.2%
nothing,
31.6%
left
31.1%
them
30.2%
run
29.2%
naturally
27.4%
anyone
26.1%
away
24.4%
Whenever
23.6%
reach
23.3%
Though
20.3%
hot
18.5%
blood
17.1%
moment
15.9%
While
15.1%
between
14.7%
drive
14.2%

You're not logged in!

Compare scores with friends on all Sporcle quizzes.
OR
Log In

Sporcle TV

Today on Sporcle TV


Watch our educational content, quiz creation guides, and fun videos on Sporcle TV.

Show Comments

Extras

Top Quizzes Today


Score Distribution

Your Account Isn't Verified!

In order to create a playlist on Sporcle, you need to verify the email address you used during registration. Go to your Sporcle Settings to finish the process.

Report this User

Report this user for behavior that violates our Community Guidelines.

Details: